000 00972nam a2200253Ia 4500
003 OSt
005 20220923211639.0
006 a|||||r|||| 00| 0
007 ta
008 220922b |||||||| |||| 00| 0 hin d
024 _a39,173
037 _cTextual
040 _aARTS
_cARTS
_bhin
041 _2hin
_ahin
082 _aO15v2:L3, 152K8 (TTPS);M2-;1-;2-;3 (EPS)-;4 (P15)
100 _aउपाध्याय, बलदेव
245 0 _aसंस्कृत साहित्य का संक्षिप्त इतिहास
246 _aSanskṛut sāhitya kā sankṣpunta itihāsa
260 _aवाराणसी
_b शारदा निकेतन
_c1982
300 _a328पृ.
_ccm.
650 _aहिन्दी साहित्य
_9156264
942 _hO15v2:L3, 152K8 (TTPS);M2-;1-;2-;3 (EPS)-;4 (P15)
_cTEXL
_2CC
999 _c302084
_d302084